000 01225nam0a2200289 4500
001 RU\NLR\bibl\1350219
005 20260406084107.0
010 _a978-5-9539-2958-5
_95000
021 _aRU
_b2009-783и
_943и
035 _a(NLR Aleph) 001335315
090 _a826402
_c826402
100 _a20090402d2008 |||y0rusy50 ca
101 0 _arus
102 _aRU
105 _aa |||||||||
200 1 _aЛунтик
_iВеселые загадки
_eзабавные странички
_e[для чтения взрослыми детям
_fстихи Александры Кочановой
_gхудож. Дарина Шмидт и др.]
210 _aМосква
_cЭгмонт
_cЭгмонт Россия Лтд
_dcop. 2008
215 _a[9] с.
_cцв. ил.
_e20х20
300 _aВ вып. дан. загл.: Веселые загадки. Забавные странички
300 _aАвт. указан в вып. дан.
700 1 _aКочанова
_bА.
_gАлександра
_4070
702 1 _4040
_8rus
_7ca
_aШмидт
_bД.
_cхудожник
_f1983-
_gДарина
_3RU\NLR\auth\7752108
_935041
801 0 _aRU
_bNLR
_c20090402
_gRCR
801 1 _aRU
_bNLR
_c20090402
942 _cBOOK
980 _aNB